| 000 | 00453nam a22001817a 4500 | ||
|---|---|---|---|
| 003 | MPLRDC | ||
| 005 | 20220104142847.0 | ||
| 008 | 210129b ||||| |||| 00| 0 eng d | ||
| 082 | _a496.5 ZQG | ||
| 100 | _a曾清贵编译 | ||
| 245 |
_a使您成为杰出的推销员 _c |
||
| 250 | _a初版 | ||
| 260 |
_a _b益群书店 _c1984 |
||
| 300 | _b平 | ||
| 490 | _a出类拔萃必读. 1 | ||
| 650 | _a推销策略; 贩卖术 | ||
| 942 |
_cBK _o496.5 ZQG |
||
| 999 |
_c34306 _d34296 |
||